• 首页
  • 本馆介绍
  • 公告通知
  • 最新文献
  • 馆藏检索
  • 电子资源
  • 读者导购
  • 参考咨询
  • 我的图书馆
  • 登录
  • 详细信息显示
  • 放入我的书架
  • 预约/预借图书
  • 作者相关作品
  • 分类相关作品
  • 丛书相关作品
  • 出版社相关作品

书目信息

  • 表格格式
  • 工作单格式
  • 卡片格式
题名:
环境生化检验
    
 
作者: 王瑞芬 编
分册:  
出版信息: 北京   冶金工业出版社  2001
页数: 204页
开本: 20cm
丛书名:
单 册:
中图分类: X132
科图分类:
主题词: 环境化学 , 生物样品分析
电子资源:
ISBN: 7-5024-2732-5
000 00560nam0 2200205 45
001 0304081597
005 20050401111424.5
010    @a7-5024-2732-5@dCNY14.80
100    @a20030408d2001 km y0chiy0120 ea
101 0  @achi
105    @a z 000yy
200 1  @a环境生化检验@AHuan Jing Sheng Hua Jian Yan@f王瑞芬编@FWang Rui Fen Bian
210    @a北京@c冶金工业出版社@d2001
215    @a204页@d20cm
606 0  @a环境化学
606 0  @a生物样品分析
690    @aX132@v4
701  0 @a王瑞芬@4编
801    @aCN@bTSTC@c20030408
905    @b322346-347@dX132@e40@f2
    
    环境生化检验/王瑞芬编.-北京:冶金工业出版社,2001
    204页;20cm
    
    
    ISBN 7-5024-2732-5:CNY14.80
    
●
相关链接 在E读中查询图书 在五车中查询图书 在当当中查询图书 在豆瓣中查询图书


正题名:环境生化检验     索取号:X132/40         预约/预借

序号 登录号 条形码 馆藏地/架位号 状态 备注
1 0322346   203223467   第三借阅区/ [索取号:X132/40] 在馆    
2 0322347   203223476   第二样本阅览室/ [索取号:X132/40] 在馆    
3 0347150   203471509   第三借阅区/ [索取号:X132/40] 在馆    
4 0347151   203471518   第三借阅区/ [索取号:X132/40] 在馆    
5 0347152   203471527   第三借阅区/ [索取号:X132/40] 在馆    
6 0347153   203471536   第三借阅区/ [索取号:X132/40] 在馆    
7 0347154   203471545   第三借阅区/ [索取号:X132/40] 在馆    
欢迎您!
大连网信软件有限公司© 版权所有